| 000 -LEADER |
| fixed length control field |
00348nam a22001217a 4500 |
| 003 - CONTROL NUMBER IDENTIFIER |
| control field |
OSt |
| 008 - FIXED-LENGTH DATA ELEMENTS--GENERAL INFORMATION |
| fixed length control field |
150418b xxu||||| |||| 00| 0 eng d |
| 041 ## - LANGUAGE CODE |
| Language code of text/sound track or separate title |
eng |
| 245 10 - TITLE STATEMENT |
| Title |
The Hudson River mail, 1804-1858 |
| 246 10 - VARYING FORM OF TITLE |
| Title proper/short title |
The W.L.L. Peltz Collection of Albany Postal History |
| 260 ## - PUBLICATION, DISTRIBUTION, ETC. (IMPRINT) |
| Place of publication, distribution, etc. |
Albany, NY |
| Name of publisher, distributor, etc. |
Albany Institute of History and Art |
| 300 ## - PHYSICAL DESCRIPTION |
| Extent |
0 pages |